Principles of electric machines and power electronics / P.C. Sen (Registro nro. 22011)
[ vista simple ]
| 000 -LÍDER | |
|---|---|
| fixed length control field | 00417nam a2200133 4500 |
| 008 - ELEMENTOS DE LONGITUD FIJA -- INFORMACIÓN GENERAL | |
| fixed length control field | 0 1989 0a 000 0USA |
| 020 ## - NÚMERO INTERNACIONAL NORMALIZADO PARA LIBROS | |
| ISBN | s/n |
| 082 ## - NUMERO DE CLASIFICACION DECIMAL DEWEY | |
| Número de Clasificación | 621.313 S765p |
| 100 ## - ASIENTO PRINCIPAL--NOMBRE PERSONAL | |
| Nombre personal | Sen, P.C. |
| 245 ## - TÍTULO | |
| Título | Principles of electric machines and power electronics / P.C. Sen |
| 260 ## - PUBLICACIÓN, DISTRIBUCIÓN, ETC. (PIE DE IMPRENTA) | |
| Lugar de publicación, distribución, etc. | New York : John Wiley & Sons |
| 300 ## - DESCRIPCIÓN FÍSICA | |
| Extensión | 603 p. / 22 cm. |
| 650 ## - ASIENTO SECUNDARIO DE MATERIA - TERMINO TEMÁTICO | |
| Término temático o nombre geográfico como elemento de entrada | 1. MAQUINARIA ELECTRICA \ 2. ELECTRONICA DE POTENCIA |
| No. biblioteca | No. biblioteca | Número de clasificación | Código de barras/Número de adquisición | Número de copia | Tipo de material |
|---|---|---|---|---|---|
| LUIS G. INCLAN | LUIS G. INCLAN | 621.313 S765p | 11119 | 1 | Libros |
| LUIS G. INCLAN | LUIS G. INCLAN | 621.313 S765p | 13796 | 2 | Libros |
